000 00721nam a2200253Ia 4500
003 OSt
005 20220926030333.0
006 a|||||r|||| 00| 0
007 ta
008 220923b |||||||| |||| 00| 0 eng d
037 _cGeneral Book
040 _aRTL
_cRTL
_beng
041 _2eng
_aeng
082 _aV:71.2363.N, M1
100 _aMarathe Ashok R
_9334062
245 0 _aGeoarchaeology of the Hiran Valley
_b Saurashtra, I
260 _aPoona
_bDeccan College India
_c1981
300 _a130p.
_ccm.
500 _aBibliography p.125-28
650 _a History
650 _aArchaeology
_9256899
942 _hV:71.2363.N, M1
_cGB
_2CC
999 _c649382
_d649382